000 00681nam a2200157 i 4500
001 61472
003 ES-MaACL
005 20230906164450.0
007 t|
008 031112s1913 fr ||||1| fre d
245 0 2 _aL'Exposition de la miniature a Bruxelle en 1912
_b: recueil des oeuvres les plus remarquatles des miniaturistes de toutes les ecoles, du XVIe au XIXe siecle /
_couvrage publie sous la direction du Comité de l'Expsition avec la collaboration de H. Kervyn de Lettenhove ... [et al.].
260 _a[S.l. :
_bs.n.,
_c1913] (
_eAmiens :
_fJ. E. Buschmann)
300 _aXVIII, 142 p. ;
_c36 cm.
700 1 _aKervyn de Lettenhove.
_967946
852 _aES-MaACL
_jC-10443
999 _c61472
_d61472